Recoleccion a mediodia / (Record no. 8427)
[ view plain ]
| 000 -CABECERA | |
|---|---|
| campo de control de longitud fija | 00663cam a2200217 a 4500 |
| 001 - NÚMERO DE CONTROL | |
| campo de control | 000008657 |
| 005 - FECHA Y HORA DE LA ÚLTIMA TRANSACCIÓN | |
| campo de control | 20200929161359.0 |
| 008 - DATOS DE LONGITUD FIJA--INFORMACIÓN GENERAL | |
| campo de control de longitud fija | 820308s1980 mx c 000 0 spa |
| 010 ## - NÚMERO DE CONTROL DE LA BIBLIOTECA DEL CONGRESO | |
| Número de control de LC | 81126649 |
| 020 ## - NÚMERO INTERNACIONAL ESTÁNDAR DEL LIBRO | |
| Número Internacional Estándar del Libro | 9682701139 |
| 040 ## - FUENTE DE LA CATALOGACIÓN | |
| Centro catalogador/agencia de origen | DO-SdBNP |
| Centro/agencia transcriptor | DLC |
| Centro/agencia modificador | DLC |
| 050 00 - SIGNATURA TOPOGRÁFICA DE LA BIBLIOTECA DEL CONGRESO | |
| Número de clasificación | PQ7297.M36 |
| Número de documento/Ítem | R39 |
| 082 00 - NÚMERO DE LA CLASIFICACIÓN DECIMAL DEWEY | |
| Número de clasificación | 861 |
| Número de edición | 19 |
| 100 2# - ENTRADA PRINCIPAL--NOMBRE DE PERSONA | |
| Nombre de persona | Mejia Sanchez, Ernesto. |
| 9 (RLIN) | 21268 |
| 245 10 - MENCIÓN DE TÍTULO | |
| Título | Recoleccion a mediodia / |
| Mención de responsabilidad, etc. | Ernesto Mejia Sanchez ; [dibujo de Alvaro Gutierrez]. |
| 250 ## - MENCIÓN DE EDICIÓN | |
| Mención de edición | 1a ed. en Biblioteca paralela. |
| 260 ## - PUBLICACIÓN, DISTRIBUCIÓN, ETC. | |
| Lugar de publicación, distribución, etc. | Mexico, D.F. : |
| Nombre del editor, distribuidor, etc. | J. Mortiz, |
| Fecha de publicación, distribución, etc. | 1980. |
| 300 ## - DESCRIPCIÓN FÍSICA | |
| Extensión | 254 p. : |
| Otras características físicas | port. ; |
| Dimensiones | 19 cm. |
| 490 0# - MENCIÓN DE SERIE | |
| Mención de serie | Biblioteca paralela |
| 910 ## - DATOS DE OPCIÓN DEL USUARIO (OCLC) | |
| Datos de opción del usuario | Catalogación por copia / LC |
| Estado de retiro | Estado de pérdida | Restricciones de uso | No para préstamo | Código de colección | Localización permanente | Ubicación/localización actual | Ubicación en estantería | Fecha de adquisición | Número de inventario | Total de préstamos | Signatura topográfica completa | Código de barras | Fecha visto por última vez | Precio válido a partir de | Tipo de ítem Koha |
|---|---|---|---|---|---|---|---|---|---|---|---|---|---|---|---|
| Préstamo interno | Monografías: Libros y Folletos | General | General | En catalogación | 17.09.2009 | LF1 | 861 | 8657-10 | 25.06.2020 | 25.06.2020 | Préstamo interno |
